000
00313nam a2200121Ia 4500
008
220216s9999 xx 000 0 und d
100
_a
Chakraborty S K
245
0
_a
Fluorocarbon rubber paints: Boon for industry
260
_b
Rubber India
_c
2006
300
_a
35-37
650
_a
Fluorocarbon paint
942
_c
JS
999
_c
59486
_d
59486